| 000 | 00557nam a22001937a 4500 | ||
|---|---|---|---|
| 003 | LK-CoMWRAF | ||
| 005 | 20231201105357.0 | ||
| 008 | 230907b2001 |||||||| |||| 00| 0 eng d | ||
| 020 | _a95584640115 | ||
| 040 |
_aLK-CoMWRAF _dLK-CoMWRAF _eLK-CoMWRAF |
||
| 041 | _asin | ||
| 082 |
_a891.483 _bDIA |
||
| 100 | _aඩයස්, සිඩ්නි මාකස් | ||
| 245 | _aමහගිර | ||
| 246 | _aMahagira | ||
| 260 |
_aආණමඩුව: _bතෝතැන්න ප්රකාශන, _c2001 |
||
| 650 | _aළමා කතා | ||
| 942 | _cBK | ||
| 999 |
_c3458 _d3458 |
||